Building a sustainable future : (Record no. 13001)
[ view plain ]
| 000 -LEADER | |
|---|---|
| fixed length control field | 00785nam a22002292 4500 |
| 001 - CONTROL NUMBER | |
| control field | 0000005932 |
| 005 - DATE AND TIME OF LATEST TRANSACTION | |
| control field | 20151217155829.0 |
| 008 - FIXED-LENGTH DATA ELEMENTS--GENERAL INFORMATION | |
| fixed length control field | 070810s xx 000 0 eng d |
| 020 ## - INTERNATIONAL STANDARD BOOK NUMBER | |
| International Standard Book Number | 082135146X : |
| Terms of availability | KES 550 |
| 040 ## - CATALOGING SOURCE | |
| Original cataloging agency | KABU |
| Transcribing agency | KABU |
| 050 #0 - LIBRARY OF CONGRESS CALL NUMBER | |
| Classification number | HC800 |
| Item number | .Z9E5B85 |
| 245 10 - TITLE STATEMENT | |
| Title | Building a sustainable future : |
| Remainder of title | the Africa region environment strategy. |
| 260 ## - PUBLICATION, DISTRIBUTION, ETC. (IMPRINT) | |
| Place of publication, distribution, etc. | Washington, DC : |
| Name of publisher, distributor, etc. | World Bank, |
| Date of publication, distribution, etc. | 2002. |
| 300 ## - PHYSICAL DESCRIPTION | |
| Extent | ix, 126 p. |
| 610 20 - SUBJECT ADDED ENTRY--CORPORATE NAME | |
| Corporate name or jurisdiction name as entry element | World Bank |
| Geographic subdivision | Africa. |
| -- | 0000150142 |
| 650 #0 - SUBJECT ADDED ENTRY--TOPICAL TERM | |
| Topical term or geographic name as entry element | Sustainable development |
| Geographic subdivision | Africa. |
| -- | 0000150040 |
| 650 #0 - SUBJECT ADDED ENTRY--TOPICAL TERM | |
| Topical term or geographic name as entry element | Environmental policy |
| General subdivision | Economic aspects |
| Geographic subdivision | Africa. |
| -- | 0000157241 |
| 650 #0 - SUBJECT ADDED ENTRY--TOPICAL TERM | |
| Topical term or geographic name as entry element | Natural resources |
| Geographic subdivision | Africa. |
| General subdivision | Management. |
| -- | 0000151131 |
| 908 ## - PUT COMMAND PARAMETER (RLIN) | |
| Put command parameter | 070810 |
| 950 ## - LOCAL HOLDINGS (RLIN) | |
| -- | 1 |
| Withdrawn status | Lost status | Source of classification or shelving scheme | Not for loan | Home library | Current library | Date acquired | Total Checkouts | Full call number | Barcode | Date last seen | Price effective from | Koha item type |
|---|---|---|---|---|---|---|---|---|---|---|---|---|
| Library of Congress Classification | Kabarak, Main Campus | Kabarak, Main Campus | 17/12/2015 | HC800 .Z9E5B85 | 001895 | 17/12/2015 | 17/12/2015 | Africana Collection |